000 01483nam1a22004091i 4500
001 v19\rc\1771392
005 20240725233324.0
035 _a(NLR Aleph) 004868803
090 _a5080405
_c5080405
100 _a20061204g19031907|||y0rusy50 ca
101 1 _arus
_ceng
102 _aRU
105 _a z |||||
200 1 _aПолное собрание сочинений, в переводе [и с предисл.] К.Д. Бальмонта
_fШелли
205 _aНовое трехтом. перераб. изд. Т. 1-3
210 _aСанкт-Петербург
_cЗнание
_d1903-1907
215 _a3 т.
_d23
532 1 2 _aПолное собрание сочинений, в переводе и с предисловием] К.Д. Бальмонта
700 1 _aШелли
_bП.Б.
_f1792-1822
_gПерси Биши
702 1 _aБальмонт
_bК.Д.
_f1867-1942
_gКонстантин Дмитриевич
_4730
_4080
801 0 _aRU
_bNLR
_gpsbo
801 0 _aRU
_bRuMoRGB
_2psbo
801 1 _aRU
_bProSoft-M
_2rusmarc
852 _aNLR
_j38.71.7.30
852 _aNLR
_jЛ60/Б-5/8
899 _aНБ СПбГУ
899 _aНБ МГУ
899 _aRuMoRGB
_jU 145/35
899 _aRuMoRGB
_jU 165/10
899 _aRuMoRGB
_jT 75/16
899 _aRuMoRGB
_jРб 10/2730
899 _aRuMoRGB
_jМК
899 _aRuMoRGB
_j801-90/9024-6 (т. 1)
899 _aRuMoRGB
_j801-90/9025-4 (т. 2)
899 _aБАН (1)
899 _aГПИБ
942 _cBOOK